Visualizzazione normale
Vista MARC
- Fausto Vallainc
di Personal Name
Records bibliografici associati: 1
001 - CONTROL NUMBER
- control field: 34343
003 - CONTROL NUMBER IDENTIFIER
- control field: IT-RoPau
005 - DATE AND TIME OF LATEST TRANSACTION
- control field: 20150507225118.0
008 - FIXED-LENGTH DATA ELEMENTS
- fixed length control field: 150507|| aca||aabn | a|a d
040 ## - CATALOGING SOURCE
- Original cataloging agency: IT-RoPau
- Transcribing agency: IT-RoPau
100 ## - HEADING--PERSONAL NAME
- Personal name: Fausto Vallainc
670 ## - SOURCE DATA FOUND
- Source citation: Work cat.: (IT-RoPau)9032: Fausto Vallainc, John Henry Newman. A biography